[Event "Rhein Main op-A 17th"]
[Site "Bad Homburg"]
[Date "2014.06.21"]
[Round "6"]
[White "Gawehns, Klaus"]
[Black "Wolf, Ulrich Martin"]
[Result "1-0"]
[WhiteElo "2365"]
[BlackElo "2202"]
[PlyCount "129"]
[EventDate "2014.06.18"]
[EventType "swiss"]
[EventRounds "7"]
[EventCountry "GER"]
[SourceTitle "CBM 161 Extra"]
[Source "ChessBase"]
[SourceDate "2014.08.29"]
[SourceVersion "1"]
[SourceVersionDate "2014.08.29"]
[SourceQuality "1"]

1. Nf3 f5 2. b3 Nf6 3. Bb2 g6 4. Bxf6 exf6 5. c4 b6 6. g3 Bb7 7. Bg2 Na6 8. Nc3 Nc5 9. d3 Bg7 10. 0-0 a5 11. e3 0-0 12. Qc2 Re8 13. Rad1 Bf8 14. Nh4 Bxg2 15. Nxg2 Kg7 16. h4 Rc8 17. Rfe1 Ne6 18. d4 Kf7 19. Nd5 c6 20. Ndf4 d5 21. Nxe6 Rxe6 22. a4 Bb4 23. Re2 Rd6 24. Nf4 Rd7 25. Qd3 Bd6 26. cxd5 cxd5 27. Nxd5 Bxg3 28. fxg3 Rxd5 29. Rc2 Rxc2 30. Qxc2 Qe7 31. Kf2 Rd6 32. Rc1 Qd7 33. Qc8 Qxc8 34. Rxc8 g5 35. Kf3 h5 36. Rc7+ Kg6 37. Rc4 Kf7 38. Ke2 Ke6 39. Kd3 Kd7 40. Rc2 Ke6 41. Rh2 g4 42. Rc2 Kd7 43. Rc1 Rd5 44. Rc4 Rd6 45. b4 axb4 46. Rxb4 Kc6 47. Kc4 Rd8 48. Rb5 Re8 49. Kd3 Ra8 50. Rxf5 Rxa4 51. Rxf6+ Kc7 52. d5 b5 53. Rc6+ Kb7 54. e4 b4 55. Rc4 Ra3+ 56. Kd4 Rxg3 57. Rxb4+ Kc7 58. e5 Rf3 59. d6+ Kc8 60. Kd5 g3 61. Ke6 g2 62. d7+ Kc7 63. Rc4+ Kb7 64. d8Q g1Q 65. Rb4+ 1-0

[Event "Rhein Main op-A 17th"]
[Site "Bad Homburg"]
[Date "2014.06.21"]
[Round "5"]
[White "Keller, Peter1111"]
[Black "Gawehns, Klaus"]
[Result "1-0"]
[WhiteElo "2048"]
[BlackElo "2365"]
[PlyCount "145"]
[EventDate "2014.06.18"]
[EventType "swiss"]
[EventRounds "7"]
[EventCountry "GER"]
[SourceTitle "CBM 161 Extra"]
[Source "ChessBase"]
[SourceDate "2014.08.29"]
[SourceVersion "1"]
[SourceVersionDate "2014.08.29"]
[SourceQuality "1"]

1. e4 d6 2. d4 Nf6 3. Nc3 e5 4. dxe5 dxe5 5. Qxd8+ Kxd8 6. Bg5 Bd6 7. Bc4 Be6 8. Bxe6 fxe6 9. 0-0-0 a6 10. Nf3 Nbd7 11. Nd2 Ke7 12. Nc4 Bb4 13. f3 b5 14. Nd2 h6 15. Bh4 c5 16. Ne2 c4 17. c3 Bc5 18. b3 cxb3 19. axb3 a5 20. Kb2 a4 21. b4 Be3 22. Nb1 g5 23. Bg3 h5 24. Rd3 h4 25. Rxe3 hxg3 26. Nxg3 Nb6 27. Na3 Ne8 28. Nf1 Nd6 29. Nd2 Raf8 30. Re2 Rc8 31. h3 Rc7 32. Re3 Rd8 33. Kc2 Rh8 34. Rd1 Rd8 35. Rd3 Ndc4 36. Ndxc4 Rxd3 37. Rxd3 Nxc4 38. Nxc4 Rxc4 39. Rd2 Rc8 40. Kb2 Rc7 41. Rd3 Rc8 42. Rd1 Rc7 43. Rh1 Kd6 44. h4 gxh4 45. Rxh4 Rg7 46. g4 Kc6 47. Rh3 Rg8 48. Rg3 Rg7 49. Rg2 Kb6 50. g5 Rg6 51. Ka3 Rg7 52. g6 Kc6 53. Rg5 Kb6 54. Kb2 Kc6 55. Ka2 Kd6 56. Ka3 Kc6 57. c4 bxc4 58. Rxe5 Rxg6 59. Rc5+ Kb6 60. Rxc4 Rg3 61. Kxa4 Rxf3 62. b5 Rf6 63. Rc6+ Kb7 64. Ka5 Rh6 65. e5 Rg6 66. Rd6 Rh6 67. b6 Rg6 68. Rd7+ Kc8 69. Rc7+ Kb8 70. Re7 Rh6 71. Ka6 Rh8 72. Rxe6 Rg8 73. Rf6 1-0

[Event "Bayern-chI Bank Hofmann 16th"]
[Site "Bad Wiessee"]
[Date "2012.10.30"]
[Round "4"]
[White "Gawehns, Klaus"]
[Black "Schwenkreis, Thomas"]
[Result "1-0"]
[WhiteElo "2380"]
[BlackElo "2167"]
[PlyCount "67"]
[EventDate "2012.10.27"]
[EventType "swiss"]
[EventRounds "9"]
[EventCountry "GER"]
[SourceTitle "EXT 2013"]
[Source "ChessBase"]
[SourceDate "2012.11.22"]
[SourceVersion "1"]
[SourceVersionDate "2012.11.22"]
[SourceQuality "1"]

1. e4 e5 2. Nc3 Nf6 3. Nf3 d6 4. d4 exd4 5. Nxd4 Be7 6. Nde2 Nc6 7. g3 Bg4 8. Bg2 Qd7 9. h3 Be6 10. Nf4 Bc4 11. Be3 h6 12. b3 Ba6 13. Qd2 g5 14. Nfd5 Bd8 15. 0-0-0 Nxd5 16. exd5 Ne7 17. h4 g4 18. Rhe1 Qf5 19. Bd4 0-0 20. Qxh6 Qh7 21. Qf4 Ng6 22. Qf5 Ne5 23. Be4 Qxf5 24. Bxf5 Nf3 25. Re3 Nxd4 26. Rxd4 Bf6 27. Rxg4+ Kh8 28. Ne4 Bg7 29. Kd1 c6 30. Ng5 cxd5 31. Re7 Rae8 32. Nxf7+ Rxf7 33. Rxe8+ Bf8 34. Be6 1-0

[Event "Rhein Main op-A 15th"]
[Site "Bad Homburg"]
[Date "2012.06.10"]
[Round "7"]
[White "Gawehns, Klaus"]
[Black "Chandler, Patrick"]
[Result "1/2-1/2"]
[WhiteElo "2385"]
[BlackElo "2193"]
[PlyCount "77"]
[EventDate "2012.06.06"]
[EventType "swiss"]
[EventRounds "7"]
[EventCountry "GER"]
[SourceTitle "EXT 2013"]
[Source "ChessBase"]
[SourceDate "2012.11.22"]
[SourceVersion "1"]
[SourceVersionDate "2012.11.22"]
[SourceQuality "1"]

1. e4 c5 2. c3 e6 3. d4 d5 4. exd5 exd5 5. Nf3 Nc6 6. Be2 Be7 7. 0-0 Nf6 8. Be3 c4 9. b3 b5 10. a4 Na5 11. Nfd2 cxb3 12. axb5 b2 13. Ra2 0-0 14. Qa4 Nb7 15. c4 dxc4 16. Nxc4 Be6 17. Rxb2 Nd5 18. Bf3 Nd6 19. Nbd2 Nf5 20. Re1 Bf6 21. Ne5 Nb6 22. Qb4 Bd5 23. Nc6 Qc7 24. Bxd5 Nxd5 25. Qc5 Qd7 26. Ne4 Bd8 27. Ne5 Qe6 28. Qc6 Qxc6 29. Nxc6 Bb6 30. Ng3 Nd6 31. Ne2 Rfe8 32. Rb3 f6 33. Rc1 g5 34. Nb4 Nxb4 35. Rxb4 Nf5 36. Rb3 Rad8 37. g3 Kf7 38. Rc6 Kg6 39. Kf1 1/2-1/2

[Event "Rhein Main op-A 15th"]
[Site "Bad Homburg"]
[Date "2012.06.07"]
[Round "2"]
[White "Biegel, Thomas"]
[Black "Gawehns, Klaus"]
[Result "0-1"]
[WhiteElo "2066"]
[BlackElo "2385"]
[PlyCount "120"]
[EventDate "2012.06.06"]
[EventType "swiss"]
[EventRounds "7"]
[EventCountry "GER"]
[SourceTitle "EXT 2013"]
[Source "ChessBase"]
[SourceDate "2012.11.22"]
[SourceVersion "1"]
[SourceVersionDate "2012.11.22"]
[SourceQuality "1"]

1. d4 e6 2. g3 c5 3. Nf3 Nf6 4. Bg2 cxd4 5. Nxd4 a6 6. 0-0 Qc7 7. b3 d5 8. Bb2 e5 9. Nf3 Nc6 10. Nbd2 Bc5 11. e3 0-0 12. c4 d4 13. exd4 exd4 14. a3 a5 15. b4 axb4 16. axb4 Rxa1 17. Bxa1 Bxb4 18. Nxd4 Rd8 19. N2f3 Nxd4 20. Nxd4 Qxc4 21. Qc1 Qxc1 22. Rxc1 Re8 23. h3 Re1+ 24. Rxe1 Bxe1 25. Nb5 Bd7 26. Nd6 b6 27. Bxf6 gxf6 28. Bd5 Be6 29. Bxe6 fxe6 30. g4 Bb4 31. Nb5 Kf7 32. Kf1 e5 33. Ke2 Ke6 34. Kd3 Kd5 35. Nc7+ Kc6 36. Ne8 Be7 37. Ng7 Kd5 38. f3 b5 39. Nf5 Bc5 40. Ng3 b4 41. Ne4 Be7 42. Nd2 Bd8 43. Nb3 Bb6 44. Nd2 Bf2 45. Ne4 Bh4 46. Nd2 Bg5 47. Nb3 h5 48. Na5 h4 49. Nb3 Bh6 50. Na5 Bf4 51. Nb3 Bg5 52. Na5 Bh6 53. Nb3 e4+ 54. fxe4+ Ke5 55. Nd4 Kf4 56. Nf5 Bg5 57. Kc4 Kxe4 58. Kxb4 Kf3 59. Kc4 Kg2 60. Kd3 Kxh3 0-1

[Event "Rhein Main op-A 14th"]
[Site "Bad Homburg"]
[Date "2011.06.25"]
[Round "5"]
[White "Busch, Lorenz"]
[Black "Gawehns, Klaus"]
[Result "0-1"]
[WhiteElo "2081"]
[BlackElo "2388"]
[PlyCount "60"]
[EventDate "2011.06.22"]
[EventType "swiss"]
[EventRounds "7"]
[EventCountry "GER"]
[SourceTitle "EXT 2012"]
[Source "ChessBase"]
[SourceDate "2011.11.24"]
[SourceVersion "1"]
[SourceVersionDate "2011.11.24"]
[SourceQuality "1"]

1. e4 e6 2. d4 d5 3. Nc3 Bb4 4. e5 b6 5. a3 Bf8 6. Nf3 a5 7. Bg5 Qd7 8. Qd2 h6 9. Bh4 Ne7 10. Be2 Ba6 11. 0-0 Nf5 12. Bg3 Be7 13. Nd1 Bxe2 14. Qxe2 c5 15. c3 cxd4 16. Nxd4 Nxd4 17. cxd4 Nc6 18. Qg4 0-0 19. Ne3 f5 20. exf6 Bxf6 21. Nc2 Rac8 22. Rae1 Ne7 23. Ne3 Rc6 24. Re2 Nf5 25. Rd1 Rfc8 26. h3 Rc1 27. Red2 Rxd1+ 28. Qxd1 Bg5 29. Qf3 Rf8 30. Bf4 Nh4 0-1

[Event "Werther Schloss op-A 12th"]
[Site "Werther"]
[Date "2006.04.09"]
[Round "7"]
[White "Gawehns, Klaus"]
[Black "Poulsen, Iver"]
[Result "1-0"]
[WhiteElo "2386"]
[BlackElo "2204"]
[PlyCount "109"]
[EventDate "2006.04.06"]
[EventType "swiss"]
[EventRounds "7"]
[EventCountry "GER"]
[SourceTitle "CBM 111 Extra"]
[Source "ChessBase"]
[SourceDate "2006.05.09"]
[SourceVersion "1"]
[SourceVersionDate "2006.05.09"]
[SourceQuality "1"]

1. Nf3 d5 2. b3 Nf6 3. Bb2 e6 4. e3 Nbd7 5. d4 Bd6 6. Bd3 Qe7 7. Ne5 c5 8. 0-0 0-0 9. Nd2 cxd4 10. exd4 Ba3 11. Bxa3 Qxa3 12. Re1 Re8 13. Re3 Re7 14. c4 Nf8 15. Qb1 a5 16. Qc2 a4 17. Bf1 axb3 18. Rxb3 Qa4 19. Qb2 dxc4 20. Bxc4 Nd5 21. Rb5 Nc7 22. Rb4 Qa3 23. Qxa3 Rxa3 24. Rc1 f6 25. Nd3 b5 26. Bb3 Bb7 27. Nc5 Bd5 28. Bxd5 Nxd5 29. Rxb5 Nc3 30. Rxc3 Rxc3 31. Ndb3 Ra7 32. a4 Nd7 33. g3 Kf7 34. a5 Nxc5 35. dxc5 e5 36. Rb6 Rc7 37. a6 Rxb3 38. Rxb3 Rxc5 39. Ra3 Rc8 40. f4 Ke6 41. Kf2 exf4 42. gxf4 Ra8 43. a7 g5 44. Ra6+ Kf5 45. Kf3 h6 46. Ra5+ Kg6 47. f5+ Kf7 48. Ke4 Ke7 49. Ra6 h5 50. Kd5 g4 51. Kc6 h4 52. Kb7 Rxa7+ 53. Kxa7 g3 54. hxg3 hxg3 55. Re6+ 1-0

[Event "Goch op 16th"]
[Site "Goch"]
[Date "2005.10.01"]
[Round "3"]
[White "Gawehns, Klaus"]
[Black "Stuemer, Paul"]
[Result "1/2-1/2"]
[WhiteElo "2391"]
[BlackElo "2178"]
[PlyCount "55"]
[EventDate "2005.09.30"]
[EventType "swiss"]
[EventRounds "7"]
[EventCountry "GER"]
[SourceTitle "EXT 2007"]
[Source "ChessBase"]
[SourceDate "2006.11.23"]
[SourceVersion "1"]
[SourceVersionDate "2006.11.23"]
[SourceQuality "1"]

1. Nf3 Nf6 2. b3 d6 3. Bb2 e5 4. d3 g6 5. g3 Bg7 6. Bg2 0-0 7. 0-0 Nc6 8. c4 Nh5 9. Nc3 f5 10. e3 h6 11. Ne1 Kh7 12. Nc2 Ne7 13. Rb1 c6 14. f4 Rf7 15. Qd2 Be6 16. Ne2 Qc7 17. Ne1 g5 18. d4 gxf4 19. exf4 e4 20. Nc2 d5 21. Ne3 Nf6 22. c5 Ng4 23. Nxg4 fxg4 24. Nc3 Nf5 25. Nd1 h5 26. Ne3 Bf6 27. Kf2 Kg6 28. Nxf5 1/2-1/2

[Event "Oberwart op"]
[Site "Oberwart"]
[Date "2004.07.14"]
[Round "5"]
[White "Gawehns, Klaus"]
[Black "Jankovic, Alojzije"]
[Result "0-1"]
[WhiteElo "2394"]
[BlackElo "2444"]
[PlyCount "120"]
[EventDate "2004.07.10"]
[EventType "swiss"]
[EventRounds "9"]
[EventCountry "AUT"]
[SourceTitle "CBM 103 Extra"]
[Source "ChessBase"]
[SourceDate "2005.01.01"]
[SourceVersion "1"]
[SourceVersionDate "2005.01.01"]
[SourceQuality "1"]

1. Nf3 c5 2. b3 Nc6 3. Bb2 d6 4. c4 e5 5. Nc3 g6 6. g3 Bg7 7. d3 Nge7 8. Bg2 0-0 9. 0-0 a6 10. Ne1 Rb8 11. Nc2 f5 12. Ne3 b5 13. Ned5 Be6 14. Qd2 Kh8 15. e3 Qd7 16. Ne2 a5 17. Nxe7 Nxe7 18. Nc3 b4 19. Ne2 d5 20. cxd5 Nxd5 21. e4 fxe4 22. Bxe4 a4 23. Rac1 axb3 24. axb3 Rbc8 25. Qc2 Qf7 26. Rce1 Nf6 27. Bg2 Bxb3 28. Qd2 Bd5 29. Bh3 Rce8 30. f4 Bb7 31. Nc1 exf4 32. Rxe8 Rxe8 33. Rxf4 Qe7 34. Bg2 Bxg2 35. Kxg2 Qb7+ 36. Kg1 Re6 37. Qf2 Qe7 38. Qf3 h5 39. Kg2 Kh7 40. h3 Re3 41. Qf2 Re6 42. Qf3 Kg8 43. Qa8+ Ne8 44. Bxg7 Kxg7 45. Rf2 Nd6 46. g4 h4 47. Qd5 Re5 48. Qc6 Nf5 49. Nb3 Ne3+ 50. Kg1 Nd1 51. Rf1 Nc3 52. Nd2 Ne2+ 53. Kh2 Nd4 54. Qg2 Qc7 55. Kh1 Ne2 56. Ne4 Rxe4 57. dxe4 Ng3+ 58. Kg1 Nxf1 59. Qb2+ Kh7 60. Qf6 Nd2 0-1